000 01085cam a2200133 4500500
005 20260405051031.0
041 _afre
042 _adc
100 1 0 _aLabouret, Denis
_eauthor
245 0 0 _aHistoire de la littérature française des XXe et XXIe siècles
260 _bArmand Colin,
_c2018.
520 _aL’auteur propose ici une synthèse équilibrée, aussi attentive aux écrivains de la « Belle Époque » qu’à la production la plus contemporaine. Sans les illusions déformantes d’une interprétation « moderniste » ou « traditionaliste », l’histoire de la littérature des XXe et XXIe siècles qu’il dessine n’est pas plus celle d’un progrès que celle d’une décadence. Cet ouvrage suit les mutations de la littérature dans l’histoire. Le panorama qu’il dresse des ouvrages les plus récents en fait un outil unique pour l’étudiant confronté aux problématiques littéraires de notre temps.
856 4 1 _uhttps://shs.cairn.info/histoire-de-la-litterature-francaise-des-xxe-et-xx--9782200622381?lang=fr&redirect-ssocas=7080
999 _c2174849
_d2174849